Los Angeles Lakers Trivia - Statistics

General Stats
  • This quiz has been taken 343 times
  • The average score is 6 of 14
Answer Stats
Hint Answer % Correct
City they are set in Los Angeles
89%
Championship wins 16
82%
How many years were they known as the above 12
70%
Stadium name Staples Center
69%
Confrence Western
59%
Division Pacific
50%
Foundation year 1947
40%
Formerly known as Minneapolis Lakers
38%
Current Head Coach Luke Walton
35%
Would transfer to Los Angeles in what year 1960
29%
How many for the Los Angeles Lakers 57
15%
Summer league wins One
3%
HQ location El Segundo
2%
Retired numbers 13 22 33 44 34 32 42 25 52
0%
No matching quizzes found
Score Distribution
Percent of People with Each Score
Percentile by Number Answered
Your Score History
You have not taken this quiz